000 00544nam a2200181Ia 4500
005 20250423101400.0
008 250422s9999 xx 000 0 und d
020 _a0152606475
050 _aPZ 7 .S74/
100 _aSteele, William O.
245 4 _aThe perilous road
260 _aOrlando
260 _bHarcourt
260 _c1990
300 _a156 p
650 _aPrejudices--Fiction. War--Fiction. United States--History--Civil War, 1861-1865--Juvenile fiction. United States--History--Civil War, 1861-1865--Fiction.
942 _cBK
999 _c36147
_d36147